| 000 | 00610cab a2200217 4500 | ||
|---|---|---|---|
| 001 | WB3217-40 | ||
| 008 | 090401t1996 xxu||||| |||| 00| 0 eng d | ||
| 035 | _a(Sirsi) u8395 | ||
| 041 | _aeng | ||
| 245 | _aImprovements to set-aside rules | ||
| 260 | _c1996 | ||
| 350 | _a0 | ||
| 490 |
_aMAFF News Release _v(145/96) 25 April 1996, (3) |
||
| 520 | _aAnnounces changes to the rules for managing set-aside land to aid conservation of wildlife. Details. | ||
| 650 | _aFARMLAND | ||
| 650 | _aSET-ASIDE | ||
| 650 | _aWILDLIFE CONSERVATION | ||
| 690 | _aRURAL PRACTICE | ||
| 942 | _n0 | ||
| 948 | _c04/03/1997 | ||
| 999 |
_c5166 _d5166 |
||